| 000 | 00993nam a2200253Ia 4500 | ||
|---|---|---|---|
| 003 | OSt | ||
| 005 | 20221005104637.0 | ||
| 006 | a|||||r|||| 00| 0 | ||
| 007 | ta | ||
| 008 | 221004b |||||||| |||| 00| 0 hin d | ||
| 024 | _a32314 | ||
| 037 | _cTextual | ||
| 040 |
_aCRL _cCRL _bhin |
||
| 041 |
_2hin _ahin |
||
| 082 | _aO152,1M89,1:g, L6 | ||
| 100 | _aसक्सेना, द्वारिकाप्रसाद | ||
| 245 | 0 | _aलहर-समीक्षा - लहर काव्य की सर्वांगीण समालोचना | |
| 246 | _aLahara-samīkṣhā - lahar kāvya kī sarvāangīṇ samālochanā | ||
| 260 |
_aदिल्ली _bवाण्ी प्रकाशन भारत _c1976 |
||
| 300 |
_a170पृ. _ccm. |
||
| 650 | _aहिन्दी साहित्य | ||
| 942 |
_hO152,1M89,1:g, L6 _cTEXL _2cc |
||
| 999 |
_c1013351 _d1013351 |
||